Statistiques concernant Les 100 plus gros Transferts de la Ligue Portugaise (Arrivées)

Cliquez ici pour prendre le quiz!

Statistiques générales

  • Ce quiz a été pris 63 fois
    (36 depuis la dernière actualisation)
  • Le résultat moyen est 17 sur 100

Statistiques - réponses

RangSaisonVendeurAcheteurMontant
du
Transfert
Réponse% Correct
122/23CA River PlateSL Benfica44 250 000 €Enzo Fernandez
79%
220/21UD AlmeriaSL Benfica34 000 000 €Darwin Nunez
68%
7407/08CA Rosario CentralSL Benfica8 000 000 €Angel Di Maria
61%
623/24Coventry CitySporting CP20 000 000 €Viktor Gyokeres
46%
5911/12Standard de LiègeSL Benfica9 000 000 €Axel Witsel
43%
8710/11CA BanfieldFC Porto7 350 000 €James Rodriguez
43%
2020/21Manchester CitySL Benfica15 000 000 €Nicolas Otamendi
43%
323/24Feyenoord RotterdamSL Benfica25 000 000 €Orkun Kokcu
43%
9023/24FC BarceloneSporting CP7 000 000 €Trincao
43%
4917/18UC SampdoriaSporting CP9 700 000 €Bruno Fernandes
39%
720/21GrêmioSL Benfica20 000 000 €Everton
39%
1821/22GrêmioFC Porto15 400 000 €Pepê
39%
1115/16Olympique de MarseilleFC Porto20 000 000 €Giannelli Imbula
36%
6012/13Chiapas FCFC Porto8 890 000 €Jackson Martinez
36%
8819/20Junior FCFC Porto7 220 000 €Luis Diaz
36%
9908/09Paris SGFC Porto7 000 000 €Cristian Rodriguez
32%
2711/12Santos FCFC Porto13 000 000 €Danilo
32%
1922/23Shakhtar DonetskSL Benfica15 300 000 €David Neres
32%
1716/17SC BragaSL Benfica16 000 000 €Rafa
32%
5621/22SC BragaFC Porto9 020 000 €Galeno
29%
2520/21FC FamalicaoSporting CP13 500 000 €Pedro Goncalves
29%
522/23SC BragaFC Porto20 280 000 €David Carmo
25%
2622/23Feyenoord RotterdamSL Benfica13 000 000 €Frederik Aursnes
25%
819/20Borussia DortmundSL Benfica20 000 000 €Julian Weigl
25%
4305/06CA River PlateFC Porto10 250 000 €Lucho Gonzalez
25%
6810/11CA Boca JuniorsSL Benfica8 400 000 €Nico Gaitan
25%
6723/24FC BarceloneFC Porto8 400 000 €Nico Gonzalez
25%
3614/15Atlético MadridFC Porto11 000 000 €Adrian Lopez
21%
2215/16Real Madrid CFFC Porto15 000 000 €Casemiro
21%
2323/24Slavia PragueBenfica14 000 000 €David Jurasek
21%
6320/21Tombense FCFC Porto8 800 000 €Evanilson
21%
1208/09Tokyo VerdyFC Porto19 000 000 €Hulk
21%
4019/20Spartak MoscouFC Porto10 750 000 €Ze Luis
21%
7220/21FC Barcelone BSC Braga8 000 000 €Abel Ruiz
18%
7122/23SK Slavia PragueSL Benfica8 000 000 €Alexander Bah
18%
9218/19FC Sao PauloFC Porto7 000 000 €Eder Militao
18%
3713/14CF PachucaFC Porto11 000 000 €Hector Herrera
18%
4422/23FSV Mainz 05Sporting CP10 000 000 €Jerry Saint Juste
18%
8022/23FC MidtjyllandSporting CP7 500 000 €Ousmane Diomande
18%
1620/21SC BragaSporting CP16 000 000 €Paulinho
18%
415/16Atlético MadridSL Benfica22 000 000 €Raul Jiménez
18%
3119/20Al-Duhail SCFC Porto12 000 000 €Shoya Nakajima
18%
8217/18Fluminense FCSporting CP7 500 000 €Wendel
18%
5111/12CD Maldonado FC Porto9 600 000 €Alex Sandro
14%
3316/17VFL WolfsburgSporting CP11 850 000 €Bas Dost
14%
7721/22Vitoria Guimaraes SCSporting CP7 750 000 €Marcus Edwards
14%
1320/21SC CorinthiansSL Benfica18 000 000 €Pedrinho
14%
2914/15FC LorientFC Porto12 300 000 €Vincent Aboubakar
14%
5822/23FC NordsjaellandSL Benfica9 000 000 €Andreas Schjelderup
11%
9122/23Rosenborg BKSL Benfica7 000 000 €Casper Tengstedt
11%
7098/99SC SalgueirosFC Porto8 000 000 €Deco
11%
3812/13Atlético MadridSL Benfica11 000 000 €Eduardo Salvio
11%
8923/24Gil VicenteFC Porto7 000 000 €Fran Navarro
11%
4222/23SE PalmeirasFC Porto10 250 000 €Gabriel Veron
11%
9709/10Real Madrid CFSL Benfica7 000 000 €Javi Garcia
11%
9416/17FC FulhamSL Benfica7 000 000 €Konstantinos Mitroglou
11%
4713/14FK Partizan BelgradSL Benfica10 000 000 €Lazar Markovic
11%
5722/23FC LiverpoolFC Porto9 000 000 €Marko Grujic
11%
3212/13FC TwenteSL Benfica12 000 000 €Ola John
11%
1017/18Atlético MadridFC Porto20 000 000 €Oliver Torres
11%
6422/23Manchester CitySporting CP8 770 000 €Pedro Porro
11%
2413/14Atlético MadridSL Benfica14 000 000 €Pizzi
11%
919/20Real Madrid CFSL Benfica20 000 000 €Raul de Tomas
11%
7504/05GrêmioFC Porto8 000 000 €Anderson
7%
6916/17SC CorinthiansFC Porto8 200 000 €Felipe
7%
3910/11Sporting CPFC Porto11 000 000 €Joao Moutinho
7%
5322/23SC CorinthiansSL Benfica9 500 000€Joao Victor
7%
2120/21SC FribourgSL Benfica15 000 000 €Luca Waldschmidt
7%
3021/22FC FamalicaoSporting CP12 000 000 €Manuel Ugarte
7%
1421/22KAA La GantoiseSL Benfica17 000 000 €Roman Yaremchuk
7%
2801/02FC BarceloneSL Benfica12 910 000 €Simao
7%
7914/15Feyenoord RotterdamFC Porto7 700 000 €Bruno Martins Indi
4%
10004/05Santos FCFC Porto7 000 000 €Diego
4%
9613/14CF AméricaFC Porto7 000 000 €Diego Reyes
4%
6201/02CA Boca JuniorsFC Porto8 850 000 €Hugo Ibarra
4%
5217/18Racing ClubSporting CP9 590 000 €Marcos Acuna
4%
5419/20CF AméricaFC Porto9 500 000€Mateus Uribe
4%
3407/08CA Newell's Old BoysSL Benfica11 670 000 €Oscar Cardozo
4%
8408/09Real ZaragozaSL Benfica7 500 000 €Pablo Aimar
4%
8309/10Cruzeiro ECSL Benfica7 500 000 €Ramires
4%
4522/23WolverhamptonSporting CP10 000 000 €Ruben Vinagre
4%
9318/19Portimonense SCFC Porto7 000 000 €Wilson Manafa
4%
7819/20CF AméricaFC Porto7 700 000 €Agustin Marchesin
0%
8616/17GalatasarayFC Porto7 350 000 €Alex Telles
0%
4614/15OlympiakosSL Benfica10 000 000 €Andreas Samaris
0%
1519/20SSC NaplesSL Benfica17 000 000 €Carlos Vinicius
0%
6111/12Atlético MadridSporting CP8 850 000 €Elias
0%
7313/14SC HeerenveenSL Benfica8 000 000 €Filip Djuricic
0%
5018/19CD LeganésSL Benfica9 600 000 €Gabriel Pirer
0%
8504/05Tottenham HotspursFC Porto7 500 000 €Hélder Postiga
0%
4813/14Pescara CalcioFC Porto10 000 000 €Juan Fernando Quintero
0%
9516/17KAA La GantoiseFC Porto7 000 000 €Laurent Depoitre
0%
3519/20Atlético MadridSporting CP11 000 000 €Luciano Vietto
0%
8119/20SC BragaFC Porto7 500 000 €Mamadou Loum
0%
7618/19UNAM PumasSL Benfica7 870 000 €Nicolas Castillo
0%
6610/11Atlético MadridSL Benfica8 500 000 €Roberto
0%
6513/14Real ZaragozaSL Benfica8 600 000 €Roberto
0%
9808/09SC InternacionalSL Benfica7 000 000 €Sidnei
0%
4115/16FC TwenteFC Porto10 500 000 €Tecatito
0%
5514/15Cruzeiro ECSC Braga9 500 000€Wallace
0%

Distribution des résultats

Percentile par nombre de réponses

% des personnes avec chaque résultat

Votre développement - résultats

Vous n’avez pas pris ce quiz depuis la dernière actualisation